| 000 | 00000nam##2200000za#4500 |
| 001 | 9.616279 |
| 003 | CaOODSP |
| 005 | 20211126112847 |
| 007 | ta |
| 008 | 150406|2003||||xxc||||| f|0| 0 eng|d |
| 022 | |a1192-5434 |
| 040 | |aCaOODSP|beng |
| 043 | |an-cn--- |
| 086 | 1 |aFB3-2/103-1E |
| 110 | 2 |aBank of Canada. |
| 245 | 10|aBanking crises and contagion -Empirical evidence / |cby Eric Santor. |
| 260 | |aOttawa - Ontario : |bBank of Canada |c2003. |
| 300 | |avi, 52p. : |bgraphs, tables ; |c28 cm. |
| 490 | 1 |aWorking paper|x1192-5434|v2003-1 |
| 504 | |aBibliography. |
| 546 | |aRésumés en français. |
| 563 | |aSoftcover |
| 590 | |a03-10|b2003-03-07 |
| 720 | 1 |aSantor, Eric |
| 776 | 0#|tBanking crises and contagion - Empirical evidence / |w(CaOODSP)9.580553 |
| 830 | #0|aWorking paper,|x1192-5434|v2003-1|w(CaOODSP)9.514622 |